Central Library OPAC University of Rajshahi
Normal view MARC view

Entry Personal Name

Number of records used in: 2

001 - CONTROL NUMBER

  • control field: 3959

003 - CONTROL NUMBER IDENTIFIER

  • control field: BD-RjUL

005 - DATE AND TIME OF LATEST TRANSACTION

  • control field: 20220630123814.0

008 - FIXED-LENGTH DATA ELEMENTS

  • fixed length control field: 220630|| aca||aabn | a|a d

040 ## - CATALOGING SOURCE

  • Original cataloging agency: BD-RjUL
  • Transcribing agency: BD-RjUL

100 ## - HEADING--PERSONAL NAME

  • Personal name: الكشميري، محمد انورشاه بن معظمشاه،[Kashmiri, Muhammad Anwarshah bin Moazzamshah],
  • Dates associated with a name: ١٧٨٥-١٩٣٣

670 ## - SOURCE DATA FOUND

  • Source citation: Work cat.: (BD-RjUL)80067: الكشميري، محمد انورشاه بن معظمشاه،[Kashmiri, Muhammad Anwarshah bin Moazzamshah], ١٧٨٥-١٩٣٣, التصريح بما تواتر في نزول المسيح [altasrih bima tawatur fi nuzul almasih] /, ١٩٦٥ م. ١٣٨٥ هج.